Normal view
MARC view
- Carell, Paul.
Entry Personal Name
001 - CONTROL NUMBER
- control field: 18975
003 - CONTROL NUMBER IDENTIFIER
- control field: NUST
005 - DATE AND TIME OF LATEST TRANSACTION
- control field: 20190802070951.0
008 - FIXED-LENGTH DATA ELEMENTS
- fixed length control field: 190802|| aca||aabn | a|a d
040 ## - CATALOGING SOURCE
- Original cataloging agency: NUST
- Transcribing agency: NUST
100 ## - HEADING--PERSONAL NAME
- Personal name: Carell, Paul.
670 ## - SOURCE DATA FOUND
- Source citation: Work cat.: (NUST)0: Carell, Paul., Hitler's war on Russia;, [1964]
